| 000 | 02049cam a2200433 4500 | ||
|---|---|---|---|
| 008 | 031125n2003 000 0 eng u | ||
| 020 | _a1873394632 | ||
| 035 | _a(Sirsi) u124455 | ||
| 041 | _aeng | ||
| 050 |
_a690.241 _c18 |
||
| 245 |
_aConservation of historic buildings and their contents _baddressing the conflicts |
||
| 260 |
_aShaftesbury _bDonhead _c2003 |
||
| 300 |
_a125p. _c25cm |
||
| 350 | _a20 | ||
| 505 | _aWhere does conservation meet conservation | ||
| 505 | _aMovable: immovable - a historic distinction and its consequences | ||
| 505 | _aBeyond the divide: experiences from Scottish conservation | ||
| 505 | _aPlaces and stuff: is it only the language of conservation that is changing | ||
| 505 | _aWorking buildings: the effect of building use on the conservation of wall paintings and polychrome surfaces | ||
| 505 | _aWhen conservator meets architect and engineer | ||
| 505 | _aConserving Cardiff Castle: planning for success | ||
| 505 | _aManagement of the historic environment: the broad nature of the process | ||
| 520 | _aProceedings taken from the conference, "Where conservation meets conservation", held at De Montfort University, Leicester, 9 September 2002. The conference explored the interface between historic buildings and their contents by recognising the interrelationships between architectural and object conservation. The conference also considered the role of conservation science and technology in achieving appropriate and sustainable solutions. | ||
| 650 | _aHISTORIC BUILDINGS | ||
| 650 | _aHISTORIC ENVIRONMENT | ||
| 650 | _aCONSERVATION | ||
| 690 | _aBUILT ENVIRONMENT-BUILDING MAINTENANCE AND REFURBISHMENT-BUILDING CONSERVATION | ||
| 700 |
_aWatt, David S. _xEditor |
||
| 700 |
_aColston, Belinda _xEditor |
||
| 700 | _aStanley-Price, Nicholas | ||
| 700 | _aBrown, Carol | ||
| 700 | _aCurteis, Tobit | ||
| 700 | _aCassar, May | ||
| 700 | _aStaniforth, Sarah | ||
| 700 | _aLithgow, Katy | ||
| 700 | _aEdwards, John | ||
| 700 | _aHankey, Donald | ||
| 942 | _n0 | ||
| 999 |
_c103233 _d103233 |
||